000 00737cam a22001814a 4500
005 20250605164335.0
008 250528s ||||||||||||||||||||||||d
035 _a23420
040 _aGR-AtMCL
_bgre
_dGR-AtMCL
_eAACR2
245 1 _aMaster of Business Administration
260 _c2008
520 _aΣυντομογραφίες, Εισαγωγή, Ανασκόπηση Βιβλιογραφίας, Μεθοδολογία Ερευνας, Αποτελέσματα, Συμπεράσματα, Προτάσεις, Στοχασμοί και Αυτοανάπτυξη, Αναφορές, Παραρτήματα.
700 1 _aGerakaki Angeliki
_98986
700 1 _aPetropoulos S
_98987
942 _cDS
999 _c8436
_d8436